LEADER 01852nam a2200349 u 4500 001 000000023590 003 CaOOAMICUS 005 20150611130907.0 008 950608m19681969it u000 u ita u 035 $a10593338 040 $aMSA$bita$dPUL(R) 100 1 $aSoggin, Jan Alberto.$0(OLS)http://pul/name/19432 245 10$aIntroduzione all'Antico Testamento /$cJ. Alberto Soggin. 260 $aBrescia :$bPaideia,$cc1968-1969. 300 $a2 v.$c21 cm 490 1 $aBiblioteca di cultura religiosa ;$v14-16 504 $aBibliografia generale: v. I, pp.273-299; v. II, pp.209-234. 505 0 $aI. Dalle origini all'esilio. Con un'appendice sulle iscrizioni palestinesi della prima metà del I millennio a.C. -- II. Dall'esilio alla chiusura del Canone alessandrino. Con un'appendice sui reperti manoscritti dei primi secoli dopo l'esilio. 630 04$aBiblia.$pV.T.$xCritica e interpretazione.$0(OLS)http://pul/subject/3062 830 0$aBiblioteca di cultura religiosa (Paideia) ;$v14-16.$0(OLS)http://pul/title/98 850 $aPUL 852 $aPUL$W1$xSL Religione 1$y3$m1 C 74$j151856$nBK-PRI$qStampati$B33085$CPULBib$Z2$F33085 $82 852 $aPUL$W1$xSL Religione 1$y3$m1 C 75$j151857$nBK-PRI$qStampati$B33086$CPULBib$Z2$F33086 $82 852 $aPUL$W1$xDP1 Fondo S. Lanza$y121$m3 A 82$j157704$av.2$qFondi$B166550$CPULBib$Z2$F166550 $HLAN1726 $82 852 $aPUL$W1$xDP1 Fondo S. Lanza$y121$m3 L 20.14$j167754$qFondi$B168319$CPULBib$Z2$F168319 $HLAN2325 $82 941 1 $a8 941 1 $a1 961 $aINV: 29911-31400 961 $aINV: 29911-31400 961 $aNota ms. di possesso: Sergio Lanza 996 $6245$aIntroduzione all'Antico Testamento$9(OLS)http://pul/title/32777 996 $6260$aBrescia :$bPaideia$9(OLS)http://pul/publisher/47884 LEADER 00986nam a2200265 a 4500 001 000000135665 003 CaOOAMICUS 005 20131008130002.0 008 131008s2000 it u000 u ita r 020 $a88-459-1569-7 040 $aPUL$bita 100 1 $aLandolfi, Tommaso.$0(OLS)http://pul/name/79075 245 10$aOttavio di Saint-Vincent /$cTommaso Landolfi. 260 $aMilano :$bAdelphi,$c©2000. 300 $a91 p. ;$c18 cm 490 1 $aPiccola biblioteca Adelphi ;$v454 830 0$aPiccola biblioteca Adelphi ;$v454.$0(OLS)http://pul/title/37100 850 $aPUL 852 $aPUL$W1$xDP1 Fondo E. Rossi$y115$m2 A 134$j156458$qFondi$B155804$CPULBib$Z2$F155804 $82 941 1 $a1 961 $aSul dorso collocazione ms. di E. Rossi: I 87 1 996 $6020$a88-459-1569-7$9(OLS)http://pul/number/153660 996 $6245$aOttavio di Saint-Vincent$9(OLS)http://pul/title/171525 996 $6260$aMilano :$bAdelphi$9(OLS)http://pul/publisher/51018